[Event "DEM U12/U12w 2006"]
[Site "Willingen GER"]
[Date "2006.06.06"]
[Round "5"]
[White "Miller, Eduard"]
[Black "Weber, Max"]
[Result "0-1"]
[Termination "normal"]
[Board "28"]
[WhiteElo "1525"]
[BlackElo "1333"]
[PlyCount "84"]
[WhiteFideId "24687022"]
[BlackFideId "4624831"]
[EventCountry "GER"]
[EventRounds "11"]
[EventType "swiss"]
[EventDate "2006.06.03"]

1. e4 e6 2. d4 d5 3. exd5 exd5 4. c4 dxc4 5. Bxc4 g6 6. Nc3 Bg7 7. Be3 Ne7 8.
Nge2 O-O 9. O-O Bf5 10. Qd2 Nd7 11. Rad1 Nf6 12. Rfe1 Re8 13. Bg5 c6 14. Ng3
Qd7 15. d5 cxd5 16. Bxf6 Bxf6 17. Bb5 Bxc3 18. Rxe7 Bxd2 19. Rxe8+ Rxe8 20.
Bxd7 Bxd7 21. Rxd2 Re1+ 22. Nf1 Bb5 23. h3 Rxf1+ 24. Kh2 Bc6 25. Kg3 Re1 26. f3
Re8 27. b4 Rd8 28. a3 f6 29. Kf4 Kf7 30. g4 g5+ 31. Ke3 d4+ 32. Kf2 d3 33. Kg3
Ke6 34. f4 Bb5 35. h4 h6 36. h5 Kd5 37. a4 Bc4 38. Kf3 Kd4 39. b5 Kc3 40. Rd1
d2 41. fxg5 fxg5 42. Ke4 Bb3 0-1

[Event "DEM U12/U12w 2006"]
[Site "Willingen GER"]
[Date "2006.06.06"]
[Round "5"]
[White "Marquardt, Patrick"]
[Black "Böhme, Lasse"]
[Result "0-1"]
[Termination "normal"]
[Board "29"]
[WhiteElo "1505"]
[BlackElo "1378"]
[PlyCount "72"]
[WhiteFideId "4670086"]
[BlackFideId "1270626"]
[EventCountry "GER"]
[EventRounds "11"]
[EventType "swiss"]
[EventDate "2006.06.03"]

1. e4 e5 2. Nf3 Nf6 3. Nxe5 d6 4. Nc4 Nxe4 5. Qe2 Qe7 6. Ne3 Nf6 7. g3 Nc6 8.
Bg2 Bd7 9. O-O O-O-O 10. c4 h5 11. Nc3 g5 12. Rb1 g4 13. b4 h4 14. a4 hxg3 15.
hxg3 Qe5 16. a5 Qh5 17. Re1 Nd4 18. Qd1 Qh2+ 19. Kf1 Bg7 20. b5 Rh7 21. Nc2 Nf3
22. Bxf3 gxf3 23. Qxf3 Bh3+ 24. Ke2 Bg4 25. Qxg4+ Nxg4 26. b6 Qxf2+ 27. Kd1 a6
28. bxc7 Kxc7 29. Nd5+ Kb8 30. Re7 Rh1+ 31. Ne1 Rxe1+ 32. Rxe1 Ne5 33. d4 Qxd4+
34. Bd2 Bh6 35. Nf4 Bxf4 36. gxf4 Nxc4 0-1

[Event "DEM U12/U12w 2006"]
[Site "Willingen GER"]
[Date "2006.06.06"]
[Round "5"]
[White "Stark, Saskia"]
[Black "Luther, Alexander"]
[Result "1-0"]
[Termination "normal"]
[Board "30"]
[WhiteElo "1484"]
[BlackElo "1248"]
[PlyCount "139"]
[WhiteFideId "4601050"]
[BlackFideId "24682616"]
[EventCountry "GER"]
[EventRounds "11"]
[EventType "swiss"]
[EventDate "2006.06.03"]

1. e4 e5 2. Nf3 Nf6 3. Nxe5 d6 4. Nf3 Nxe4 5. Nc3 d5 6. Qe2 Qe7 7. Nxd5 Ng3 8.
fxg3 Qxe2+ 9. Bxe2 Bd6 10. O-O O-O 11. b3 Re8 12. Bd3 c6 13. Nf4 Bc5+ 14. Kh1
Nd7 15. Bb2 b5 16. Bd4 a5 17. Rae1 Bb7 18. Bf5 Bxd4 19. Bxd7 Red8 20. Nxd4 Rxd7
21. Nf3 c5 22. Re2 a4 23. Rfe1 f6 24. Re8+ Rxe8 25. Rxe8+ Kf7 26. Re2 axb3 27.
axb3 g5 28. Nd3 Rc7 29. Kg1 Ba6 30. c4 bxc4 31. bxc4 Bxc4 32. Nde5+ fxe5 33.
Nxe5+ Ke6 34. Nxc4+ Kd5 35. d3 Kd4 36. Rd2 Kc3 37. Kf2 Kd4 38. Nd6 Kd5 39. Ne4
h6 40. Ke3 Re7 41. Rc2 Rc7 42. Rxc5+ Rxc5 43. Nxc5 Kxc5 44. Ke4 g4 45. Kf4 h5
46. Ke5 Kc6 47. d4 Kd7 48. d5 Ke7 49. d6+ Kd7 50. h3 Kd8 51. Ke6 Ke8 52. d7+
Kd8 53. Kf5 Kxd7 54. Kg5 Ke7 55. Kxh5 gxh3 56. gxh3 Kf7 57. Kh6 Kg8 58. Kg6 Kh8
59. g4 Kg8 60. g5 Kh8 61. h4 Kg8 62. h5 Kh8 63. h6 Kg8 64. Kh5 Kh7 65. g6+ Kg8
66. Kg5 Kh8 67. g7+ Kh7 68. Kf6 Kg8 69. h7+ Kxh7 70. Kf7 1-0

[Event "DEM U12/U12w 2006"]
[Site "Willingen GER"]
[Date "2006.06.06"]
[Round "5"]
[White "Schareck, Martin"]
[Black "Volz, Daniel"]
[Result "1/2-1/2"]
[Termination "normal"]
[Board "31"]
[WhiteElo "1294"]
[BlackElo "1455"]
[PlyCount "65"]
[BlackFideId "4661125"]
[EventCountry "GER"]
[EventRounds "11"]
[EventType "swiss"]
[EventDate "2006.06.03"]

1. d4 d5 2. c4 e6 3. Nc3 Nf6 4. cxd5 exd5 5. Bg5 Be7 6. e3 Bf5 7. Bxf6 Bxf6 8.
Qb3 Qc8 9. Qxd5 O-O 10. Ne4 Bxe4 11. Qxe4 Re8 12. Qc2 Bxd4 13. Nf3 Bf6 14. Bd3
h6 15. O-O g6 16. Rac1 c6 17. Bc4 Kg7 18. Qb3 Qd7 19. Rfd1 Qe7 20. Rd2 Rc8 21.
Rcd1 b5 22. Be2 Rc7 23. Nd4 Bxd4 24. Rxd4 Rd7 25. Qc3 Rxd4 26. Qxd4+ Qf6 27.
Qxf6+ Kxf6 28. Bf3 Ke7 29. Kf1 a5 30. Ke2 Ra7 31. Rc1 Kd6 32. Kd3 Rc7 33. Rd1
1/2-1/2

[Event "DEM U12/U12w 2006"]
[Site "Willingen GER"]
[Date "2006.06.06"]
[Round "5"]
[White "Rafayevych, Vilen"]
[Black "Zimmerer, Leah"]
[Result "1/2-1/2"]
[Termination "normal"]
[Board "32"]
[WhiteElo "1448"]
[BlackElo "1291"]
[PlyCount "137"]
[WhiteFideId "24673897"]
[BlackFideId "4620240"]
[EventCountry "GER"]
[EventRounds "11"]
[EventType "swiss"]
[EventDate "2006.06.03"]

1. d4 Nf6 2. c4 e6 3. Nc3 Bb4 4. Bg5 b6 5. e4 h6 6. Bh4 g5 7. Bg3 Nxe4 8. Qc2
Bb7 9. f3 Nxc3 10. bxc3 Be7 11. Bd3 f5 12. Ne2 Bf6 13. O-O O-O 14. h3 Rf7 15.
f4 Rg7 16. Qd2 g4 17. hxg4 Rxg4 18. d5 Bh4 19. Bxh4 Qxh4 20. Qe3 Na6 21. Rf3
Nc5 22. Rh3 Qf6 23. Nd4 Nxd3 24. Qxd3 Qg6 25. Qf3 Kh7 26. Re1 Rg8 27. Rh2 Rg7
28. Qf2 exd5 29. Qf3 Rg3 30. Qf2 dxc4 31. Re2 a6 32. a4 c5 33. Nc2 Bf3 34. Rd2
Bc6 35. a5 b5 36. Ne1 Rxc3 37. Qxc5 Rc1 38. Qe3 Ra1 39. Kf2 Qe6 40. Qxe6 dxe6
41. Rd6 Bb7 42. Rxe6 Rxa5 43. Rhxh6+ Kg8 44. Rhf6 b4 45. Nf3 b3 46. Ng5 Rd7 47.
Rg6+ Kf8 48. Ref6+ Ke7 49. Rf7+ Kd8 50. Rf8+ Kc7 51. Ne6+ Kc6 52. Ng5+ Rd6 53.
Rxd6+ Kxd6 54. Rf6+ Kd5 55. Rxf5+ Kc6 56. Rxa5 b2 57. Ra4 b1=Q 58. Rxc4+ Kb5
59. Rc7 Qb2+ 60. Ke3 Qb3+ 61. Kf2 Qb2+ 62. Ke3 Qa3+ 63. Kf2 Qa2+ 64. Ke3 Qxg2
65. Rf7 Qg1+ 66. Ke2 Qg4+ 67. Ke3 Qg3+ 68. Ke2 Qg4+ 69. Ke3 1/2-1/2

[Event "DEM U12/U12w 2006"]
[Site "Willingen GER"]
[Date "2006.06.06"]
[Round "5"]
[White "Schreiner, Till"]
[Black "Weißenburg, Isabel"]
[Result "1/2-1/2"]
[Termination "normal"]
[Board "34"]
[WhiteElo "1499"]
[BlackElo "1255"]
[PlyCount "109"]
[WhiteFideId "24675555"]
[BlackFideId "4612922"]
[EventCountry "GER"]
[EventRounds "11"]
[EventType "swiss"]
[EventDate "2006.06.03"]

1. d4 d5 2. c4 e6 3. Nc3 Nf6 4. Bg5 Nbd7 5. Nf3 Be7 6. e3 c6 7. Bd3 dxc4 8.
Bxc4 O-O 9. O-O b6 10. Re1 Bb7 11. e4 Ne8 12. Bxe7 Qxe7 13. Rc1 c5 14. d5 Nd6
15. Bd3 c4 16. Bb1 Qd8 17. dxe6 Nc5 18. e5 Bxf3 19. Qxf3 fxe6 20. Qh3 Nf5 21.
Rcd1 Qh4 22. Bxf5 Qxh3 23. Bxh3 h5 24. Ne4 Nd3 25. Bxe6+ Kh8 26. Re3 Nxe5 27.
Ng5 Nd3 28. Nf7+ Kh7 29. Bxc4 Nxb2 30. Ng5+ Kh6 31. Rd6+ Kxg5 32. Re5+ Rf5 33.
Rxf5+ Kxf5 34. Bb3 Rc8 35. Kf1 Nc4 36. Rd7 a5 37. Rxg7 Nd2+ 38. Ke1 Nxb3 39.
axb3 Rc3 40. Rf7+ Ke4 41. Re7+ Kd3 42. Re3+ Kc2 43. Rxc3+ Kxc3 44. f4 Kxb3 45.
Kd1 Kb2 46. f5 a4 47. f6 a3 48. f7 a2 49. f8=Q a1=Q+ 50. Ke2 Qa6+ 51. Kf2 Qa5
52. Qh8+ Ka3 53. Qa1+ Kb4 54. Qb2+ Ka4 55. Qa2+ 1/2-1/2

[Event "DEM U12/U12w 2006"]
[Site "Willingen GER"]
[Date "2006.06.06"]
[Round "5"]
[White "Düssler, Stefanie"]
[Black "Thanabalasingam, Ajandhan"]
[Result "1/2-1/2"]
[Termination "normal"]
[Board "35"]
[WhiteElo "1289"]
[BlackElo "1488"]
[PlyCount "74"]
[WhiteFideId "4634780"]
[BlackFideId "24601659"]
[EventCountry "GER"]
[EventRounds "11"]
[EventType "swiss"]
[EventDate "2006.06.03"]

1. e4 e6 2. d4 d5 3. exd5 exd5 4. Bd3 Bd6 5. Ne2 Ne7 6. Nbc3 c6 7. Bf4 Be6 8.
Qd2 Qc7 9. O-O-O Nd7 10. f3 O-O-O 11. Rde1 Rhe8 12. g4 Nb6 13. Bxd6 Qxd6 14.
Qf4 Qd7 15. Qg3 Qc7 16. f4 g6 17. h3 Rh8 18. Qf3 f5 19. Ng3 Rd6 20. Rh2 Qd7 21.
g5 Na8 22. Rhe2 Nc7 23. Nf1 Re8 24. Nd2 Ng8 25. Qf2 Bf7 26. Nf3 Be6 27. Ne5 Qg7
28. h4 Ne7 29. Qf3 Kb8 30. Nb1 Kc8 31. Nd2 Kb8 32. Nb3 b6 33. c3 Kb7 34. Kb1
Nc8 35. Rh1 Rdd8 36. Na1 Nd6 37. Nc2 a5 1/2-1/2

[Event "DEM U12/U12w 2006"]
[Site "Willingen GER"]
[Date "2006.06.06"]
[Round "5"]
[White "Lang, Sascha"]
[Black "Kühnel, Lena"]
[Result "0-1"]
[Termination "normal"]
[Board "37"]
[WhiteElo "1400"]
[BlackElo "1243"]
[PlyCount "108"]
[BlackFideId "24640956"]
[EventCountry "GER"]
[EventRounds "11"]
[EventType "swiss"]
[EventDate "2006.06.03"]

1. e4 e5 2. Nf3 Nc6 3. d4 exd4 4. Nxd4 Bc5 5. Be3 Qf6 6. c3 Nge7 7. Be2 Qg6 8.
O-O d6 9. Nxc6 Nxc6 10. Bh5 Qf6 11. Bxc5 dxc5 12. Nd2 O-O 13. Nc4 b5 14. Ne3
Ne5 15. f4 Ng6 16. Bxg6 Qxg6 17. Qc2 Bb7 18. Nf5 Rfe8 19. Rae1 Re6 20. Ng3 Re7
21. Re2 Rae8 22. Rfe1 Qf6 23. Qd2 h6 24. e5 Qc6 25. f5 Rd7 26. Qc2 Qd5 27. Nh5
Qd3 28. Qxd3 Rxd3 29. f6 g6 30. Nf4 Rdd8 31. Rf2 Bd5 32. Rd2 c6 33. b3 g5 34.
Nxd5 cxd5 35. Red1 Rxe5 36. Kf1 Rf5+ 37. Rf2 Rxf2+ 38. Kxf2 d4 39. Kf3 d3 40.
c4 a6 41. Ke3 Kh7 42. cxb5 axb5 43. Rxd3 Re8+ 44. Kd2 Ra8 45. a4 bxa4 46. bxa4
Rxa4 47. Ke3 Kg6 48. Rc3 c4 49. Kf3 h5 50. h3 Rb4 51. Ke4 Kxf6 52. Rf3+ Ke6 53.
Rc3 Rb2 54. g4 Rb3 0-1

[Event "DEM U12/U12w 2006"]
[Site "Willingen GER"]
[Date "2006.06.06"]
[Round "5"]
[White "Hümmecke, Miriam"]
[Black "Grzeca, Pascal"]
[Result "0-1"]
[Termination "normal"]
[Board "39"]
[WhiteElo "1295"]
[BlackElo "1359"]
[PlyCount "120"]
[BlackFideId "24600741"]
[EventCountry "GER"]
[EventRounds "11"]
[EventType "swiss"]
[EventDate "2006.06.03"]

1. e4 c6 2. d4 d5 3. Nc3 dxe4 4. Nxe4 Bf5 5. Ng3 Bg6 6. h4 h6 7. Nf3 Nd7 8. h5
Bh7 9. Bd3 Bxd3 10. Qxd3 e6 11. Bd2 Ngf6 12. O-O-O Be7 13. Ne4 O-O 14. Nxf6+
Nxf6 15. Ne5 c5 16. c3 Rc8 17. Kb1 a6 18. g4 Bd6 19. g5 Bxe5 20. gxf6 Bxf6 21.
Rhg1 Kh8 22. Bf4 b5 23. Qe3 Bg5 24. Bxg5 hxg5 25. Rxg5 c4 26. Rdg1 Rg8 27. h6
g6 28. Qf4 Qe7 29. Rh1 Kh7 30. Re5 Rcf8 31. d5 Qd6 32. dxe6 fxe6 33. Qe3 Re8
34. Re1 Qd3+ 35. Qxd3 cxd3 36. Kc1 Rd8 37. Kd2 Rgf8 38. Rf1 Rd6 39. Re3 Kxh6
40. Rxd3 Rxd3+ 41. Kxd3 Kg5 42. Ke3 Rd8 43. Ke2 Kf4 44. f3 Rd5 45. Rh1 Rh5 46.
Rg1 Rh2+ 47. Kd3 g5 48. Rg4+ Kf5 49. Rb4 Rh4 50. Rb3 Kf4 51. Kd4 Kxf3+ 52. Ke5
Rc4 53. a4 bxa4 54. Rb8 Re4+ 55. Kf6 g4 56. Kg5 e5 57. Rf8+ Rf4 58. Rc8 g3 59.
c4 g2 60. c5 g1=Q+ 0-1

[Event "DEM U12/U12w 2006"]
[Site "Willingen GER"]
[Date "2006.06.06"]
[Round "5"]
[White "Schätz, Annika"]
[Black "Krtschil, Anna"]
[Result "1-0"]
[Termination "normal"]
[Board "41"]
[WhiteElo "1406"]
[BlackElo "1077"]
[PlyCount "69"]
[WhiteFideId "24674796"]
[BlackFideId "4611144"]
[EventCountry "GER"]
[EventRounds "11"]
[EventType "swiss"]
[EventDate "2006.06.03"]

1. e4 d6 2. d4 Nf6 3. Nc3 g6 4. f4 Bg7 5. Nf3 O-O 6. Bd3 Nc6 7. e5 Nd7 8. Be3
Nb6 9. Qe2 Re8 10. O-O-O Be6 11. h3 f6 12. exf6 exf6 13. Qf2 Nb4 14. Kb1 Qe7
15. Rhe1 Qf7 16. a3 Nxd3 17. Rxd3 c6 18. g4 h6 19. Nh4 Nd5 20. Ne4 Rad8 21. f5
Bc8 22. fxg6 Qf8 23. Ng3 b5 24. Ngf5 Nxe3 25. Rdxe3 Bxf5 26. Nxf5 Rxe3 27. Rxe3
Rd7 28. Qe2 Rd8 29. Ne7+ Kh8 30. Nxc6 Kg8 31. Nxd8 Qxd8 32. Re8+ Qxe8 33. Qxe8+
Bf8 34. Qf7+ Kh8 35. Qh7# 1-0

[Event "DEM U12/U12w 2006"]
[Site "Willingen GER"]
[Date "2006.06.06"]
[Round "5"]
[White "Bohrmann, Sandra"]
[Black "Schubert, Torsten"]
[Result "1/2-1/2"]
[Termination "normal"]
[Board "42"]
[WhiteElo "1110"]
[BlackElo "1347"]
[PlyCount "58"]
[WhiteFideId "12905437"]
[EventCountry "GER"]
[EventRounds "11"]
[EventType "swiss"]
[EventDate "2006.06.03"]

1. e4 c5 2. Nc3 d6 3. Nf3 Nf6 4. Bc4 g6 5. d3 Bg7 6. Be3 O-O 7. Qd2 Nc6 8.
O-O-O a6 9. d4 cxd4 10. Nxd4 Nxd4 11. Bxd4 b5 12. Bd5 Nxd5 13. Bxg7 Kxg7 14.
Nxd5 Kg8 15. Ne3 Be6 16. Kb1 a5 17. h4 b4 18. Nd5 Bxd5 19. Qxd5 Kg7 20. h5 Rb8
21. hxg6 fxg6 22. Qd4+ Kg8 23. e5 Rb6 24. Qd5+ Kh8 25. Qxa5 Rxf2 26. exd6 exd6
27. Qa7 h5 28. g4 Qc8 29. Rc1 Qc5 1/2-1/2

[Event "DEM U12/U12w 2006"]
[Site "Willingen GER"]
[Date "2006.06.06"]
[Round "5"]
[White "Rogasch, Miriam"]
[Black "Rozenfeld, Elisabeth"]
[Result "1-0"]
[Termination "normal"]
[Board "43"]
[WhiteElo "1085"]
[BlackElo "1271"]
[PlyCount "105"]
[WhiteFideId "4616324"]
[BlackFideId "4624742"]
[EventCountry "GER"]
[EventRounds "11"]
[EventType "swiss"]
[EventDate "2006.06.03"]

1. e4 e5 2. Nc3 Nf6 3. Bc4 Bc5 4. Nf3 Nc6 5. d3 d6 6. Bg5 Be6 7. Bb5 a6 8.
Bxc6+ bxc6 9. O-O O-O 10. Re1 Rb8 11. Na4 Ba7 12. d4 Bg4 13. dxe5 Bxf3 14. Qxf3
dxe5 15. Rad1 Qe7 16. Qg3 Kh8 17. Qc3 Qe6 18. b3 Ng4 19. Rf1 Qg6 20. Be7 Rfe8
21. Bc5 Bxc5 22. Nxc5 Nf6 23. Nxa6 Rb6 24. Nc5 Nxe4 25. Nxe4 Qxe4 26. Rfe1 Qf4
27. Rxe5 Rbb8 28. Rxe8+ Rxe8 29. a4 Qe4 30. a5 h6 31. a6 Qe2 32. Ra1 Ra8 33.
Qxc6 Qe8 34. Qxe8+ Rxe8 35. a7 Ra8 36. Kf1 Kg8 37. Ke2 Kf8 38. Kd3 Ke7 39. Kc4
Kd6 40. Kb5 f6 41. Ra6+ Kd7 42. b4 f5 43. Ra5 f4 44. Ka6 Re8 45. Kb7 Re6 46.
Rd5+ Ke7 47. a8=Q Rb6+ 48. Kxc7 Re6 49. Rd7+ Kf6 50. Rd6 g5 51. Rxe6+ Kxe6 52.
b5 f3 53. Qxf3 1-0

[Event "DEM U12/U12w 2006"]
[Site "Willingen GER"]
[Date "2006.06.06"]
[Round "5"]
[White "Stoevesand, Eric"]
[Black "Martens, Julian"]
[Result "1-0"]
[Termination "normal"]
[Board "44"]
[WhiteElo "1244"]
[BlackElo "1067"]
[PlyCount "103"]
[WhiteFideId "24651117"]
[BlackFideId "24652890"]
[EventCountry "GER"]
[EventRounds "11"]
[EventType "swiss"]
[EventDate "2006.06.03"]

1. e4 e5 2. Nf3 Nc6 3. Bb5 a6 4. Ba4 Nf6 5. O-O b5 6. Bb3 Be7 7. Re1 O-O 8. h3
d5 9. exd5 Nxd5 10. Nxe5 Nxe5 11. Rxe5 c6 12. d3 Bd6 13. Re1 Qh4 14. Qf3 Be6
15. Nd2 Rad8 16. Nf1 Rfe8 17. Bd2 Bc5 18. Re4 Qf6 19. Qxf6 Nxf6 20. Re2 Bxb3
21. Rxe8+ Rxe8 22. axb3 Ra8 23. Be3 Bxe3 24. Nxe3 Kf8 25. Nf5 g6 26. Nd4 c5 27.
Nxb5 Ne8 28. Nc3 Nc7 29. Ne4 Rc8 30. Kf1 Ke7 31. Re1 Ne6 32. Ng5 h6 33. Nxe6
fxe6 34. Re4 a5 35. Ke2 Kd6 36. Kd2 Rf8 37. f3 Rf5 38. Ra4 Rg5 39. g4 h5 40.
Rxa5 Re5 41. c4 hxg4 42. hxg4 g5 43. Rb5 Kc6 44. d4 Rd5 45. cxd5+ Kxb5 46. dxe6
Kc6 47. e7 Kd7 48. e8=Q+ Kxe8 49. dxc5 Kd7 50. Ke3 Ke6 51. b4 Kd5 52. f4 1-0

[Event "DEM U12/U12w 2006"]
[Site "Willingen GER"]
[Date "2006.06.06"]
[Round "5"]
[White "Kormann, Jewgenija"]
[Black "Marquardt, Annabelle"]
[Result "1-0"]
[Termination "normal"]
[Board "45"]
[WhiteElo "1236"]
[BlackElo "872"]
[PlyCount "149"]
[WhiteFideId "24606669"]
[BlackFideId "12900125"]
[EventCountry "GER"]
[EventRounds "11"]
[EventType "swiss"]
[EventDate "2006.06.03"]

1. e4 c5 2. Nf3 Nc6 3. b3 Nf6 4. Nc3 d6 5. h3 a6 6. Bb2 e5 7. d3 Be6 8. Be2 Nd4
9. Nh2 Be7 10. Bf3 Rb8 11. O-O Nd7 12. Ne2 Bh4 13. Bxd4 cxd4 14. Bg4 Nc5 15.
Bxe6 Nxe6 16. Nf3 Rc8 17. Nxh4 Qxh4 18. Ng3 O-O 19. Nf5 Qd8 20. Rc1 d5 21. Qe1
Nf4 22. Kh2 g6 23. Ng3 Qg5 24. exd5 h5 25. Qe4 h4 26. Nh1 f5 27. Qf3 e4 28.
dxe4 fxe4 29. Qg4 Rf5 30. g3 Qxg4 31. hxg4 hxg3+ 32. fxg3 Ne2 33. gxf5 Nxc1 34.
Rxc1 gxf5 35. Kg2 d3 36. d6 d2 37. Rd1 e3 38. Kf3 Re8 39. Ke2 Kf7 40. d7 Rd8
41. Kxe3 Rxd7 42. Rxd2 Rxd2 43. Kxd2 Ke6 44. Kd3 Kd5 45. Nf2 a5 46. Nd1 Ke5 47.
a4 f4 48. gxf4+ Kxf4 49. Kd4 Kf5 50. Kc5 Ke6 51. Kb6 Kd6 52. Kxb7 Kc5 53. Ka6
Kb4 54. c3+ Kxb3 55. Kxa5 Kc4 56. Kb6 Kd5 57. a5 Kd6 58. a6 Kd7 59. Kb7 Kd6 60.
a7 Kc5 61. a8=Q Kb5 62. Qc8 Ka4 63. c4 Kb3 64. c5 Kc2 65. c6 Kxd1 66. c7 Kd2
67. Qd8+ Ke3 68. c8=R Ke4 69. Rc7 Kf5 70. Re7 Kf6 71. Qf8+ Kg6 72. Qf1 Kg5 73.
Rg7+ Kh6 74. Rg2 Kh5 75. Qh1# 1-0

[Event "DEM U12/U12w 2006"]
[Site "Willingen GER"]
[Date "2006.06.06"]
[Round "5"]
[White "Kneip, Jakob"]
[Black "Hüglin, Larissa"]
[Result "1-0"]
[Termination "normal"]
[Board "46"]
[WhiteElo "1204"]
[BlackElo "793"]
[PlyCount "101"]
[WhiteFideId "12912859"]
[BlackFideId "12911933"]
[EventCountry "GER"]
[EventRounds "11"]
[EventType "swiss"]
[EventDate "2006.06.03"]

1. e4 e5 2. Nf3 Nc6 3. Bb5 Nf6 4. O-O Bc5 5. Nc3 a6 6. Ba4 O-O 7. d3 b5 8. Bb3
d6 9. h3 Nd4 10. Nxd4 exd4 11. Nd5 Nxd5 12. Bxd5 Rb8 13. Qf3 Bb7 14. Bb3 c6 15.
Re1 d5 16. e5 Bb4 17. Re2 Re8 18. Qg3 Bd6 19. Bh6 g6 20. Bg5 Qb6 21. Bf6 Be7
22. Rae1 Bb4 23. Qg5 Be7 24. Bxe7 Rxe7 25. Qxe7 c5 26. Qf6 Qc6 27. Qxc6 Bxc6
28. a3 c4 29. dxc4 dxc4 30. Ba2 c3 31. bxc3 dxc3 32. Re3 b4 33. axb4 Rxb4 34.
Rxc3 Bb5 35. Rb1 Rxb1+ 36. Bxb1 Bd7 37. Ra3 h5 38. Rxa6 Bb5 39. Ra5 Bd7 40. Ba2
Kg7 41. Ra7 Bf5 42. Rxf7+ Kh6 43. c4 Be6 44. Rf6 Bd7 45. c5 h4 46. Bb1 Kg7 47.
Bxg6 Kh6 48. Bf5+ Kh5 49. Bxd7 Kg5 50. f4+ Kh5 51. Be8# 1-0

[Event "DEM U12/U12w 2006"]
[Site "Willingen GER"]
[Date "2006.06.06"]
[Round "5"]
[White "Günther, Elisabeth"]
[Black "Dittmann, Jan"]
[Result "0-1"]
[Termination "normal"]
[Board "47"]
[WhiteElo "969"]
[BlackElo "1201"]
[PlyCount "88"]
[EventCountry "GER"]
[EventRounds "11"]
[EventType "swiss"]
[EventDate "2006.06.03"]

1. e4 c5 2. Nf3 d6 3. Bb5+ Nd7 4. O-O Ngf6 5. d3 g6 6. c4 Bg7 7. Re1 O-O 8. Nc3
a6 9. Bxd7 Bxd7 10. Bg5 e6 11. Qd2 b5 12. b3 b4 13. Na4 Bxa4 14. bxa4 Qd7 15.
Bxf6 Bxf6 16. Rab1 Bc3 17. Qh6 Bxe1 18. Ng5 f6 19. Rxe1 fxg5 20. Qxg5 Qf7 21.
Rf1 Qf6 22. Qg3 e5 23. h3 Qf4 24. Kh2 Qxg3+ 25. Kxg3 Rab8 26. Rb1 Rf7 27. f3
Rfb7 28. Kf2 b3 29. axb3 Rxb3 30. Rxb3 Rxb3 31. Ke2 Ra3 32. Kd2 Rxa4 33. Kc3
Rb4 34. g3 a5 35. f4 a4 36. fxe5 dxe5 37. Kc2 a3 38. Kc3 a2 39. Kc2 a1=Q 40.
Kd2 Qb2+ 41. Ke3 Qd4+ 42. Ke2 Rb2+ 43. Kf3 h5 44. g4 Qf2# 0-1

[Event "DEM U12/U12w 2006"]
[Site "Willingen GER"]
[Date "2006.06.06"]
[Round "5"]
[White "Warmer, Marina"]
[Black "Vetter, Henrike"]
[Result "1-0"]
[Termination "normal"]
[Board "48"]
[WhiteElo "1036"]
[BlackElo "836"]
[PlyCount "63"]
[WhiteFideId "12909840"]
[EventCountry "GER"]
[EventRounds "11"]
[EventType "swiss"]
[EventDate "2006.06.03"]

1. e4 e6 2. d4 d5 3. Nd2 c5 4. c3 Nc6 5. Ne2 b6 6. g3 Ba6 7. dxc5 Bxc5 8. Bg2
Nf6 9. Qa4 Bb7 10. b4 Be7 11. Nd4 Qd7 12. O-O O-O 13. Re1 Ng4 14. exd5 exd5 15.
Bh3 Rac8 16. f3 Nce5 17. Qxd7 Nxd7 18. Bxg4 Rfd8 19. Rxe7 Rc7 20. Bb2 Kf8 21.
Nb5 Kxe7 22. Nxc7 Ne5 23. Re1 Kf6 24. c4 dxc4 25. Bxe5+ Kg6 26. Nxc4 f6 27. Bf4
h5 28. Be6 Bxf3 29. Kf2 Bc6 30. Nd6 f5 31. Bxf5+ Kf6 32. Re6# 1-0

[Event "DEM U12/U12w 2006"]
[Site "Willingen GER"]
[Date "2006.06.06"]
[Round "5"]
[White "Alt, Elisabeth"]
[Black "Holzmann, Arthur"]
[Result "0-1"]
[Termination "normal"]
[Board "49"]
[WhiteElo "782"]
[BlackElo "1099"]
[PlyCount "100"]
[WhiteFideId "24692620"]
[EventCountry "GER"]
[EventRounds "11"]
[EventType "swiss"]
[EventDate "2006.06.03"]

1. e4 d5 2. exd5 Qxd5 3. Nc3 Qa5 4. d4 c6 5. Bf4 Bf5 6. a3 e6 7. b4 Qd8 8. Bc4
Nf6 9. Nf3 Bd6 10. Qd2 Bxf4 11. Qxf4 Bxc2 12. O-O Bf5 13. Ne5 O-O 14. g4 Bg6
15. Nxg6 hxg6 16. Kh1 b5 17. Bd3 Nd5 18. Nxd5 Qxd5+ 19. Be4 Qxd4 20. Rad1 Qc4
21. Qf3 Nd7 22. Bxc6 Rad8 23. Bxd7 Rxd7 24. h4 Rfd8 25. h5 Rxd1 26. Rxd1 Rxd1+
27. Qxd1 Qd5+ 28. Qxd5 exd5 29. hxg6 fxg6 30. Kg2 Kf7 31. Kf3 Ke6 32. Kf4 Kf6
33. f3 g5+ 34. Kg3 Ke5 35. Kf2 Kd4 36. Kg3 Ke3 37. Kg2 Ke2 38. Kg3 d4 39. f4
gxf4+ 40. Kxf4 d3 41. g5 d2 42. Kf5 d1=Q 43. Kg6 Qd7 44. Kh5 Kf3 45. Kg6 Kf4
46. Kh5 Qg4+ 47. Kg6 Qxg5+ 48. Kf7 Ke5 49. a4 Qf6+ 50. Ke8 Kd6 0-1

[Event "DEM U12/U12w 2006"]
[Site "Willingen GER"]
[Date "2006.06.06"]
[Round "5"]
[White "Brühan, Caren"]
[Black "Veelders, Wiebke"]
[Result "0-1"]
[Termination "normal"]
[Board "50"]
[WhiteElo "1054"]
[BlackElo "997"]
[PlyCount "80"]
[WhiteFideId "24691976"]
[BlackFideId "1270955"]
[EventCountry "GER"]
[EventRounds "11"]
[EventType "swiss"]
[EventDate "2006.06.03"]

1. e4 e6 2. Nc3 d5 3. d4 Nf6 4. e5 Nfd7 5. Nf3 c5 6. Be3 Qb6 7. Rb1 Nc6 8. Bb5
a6 9. Bxc6 Qxc6 10. O-O f6 11. h3 fxe5 12. dxe5 Qc7 13. Bf4 Be7 14. Re1 O-O 15.
Qe2 Rxf4 16. Qe3 Rf8 17. h4 d4 18. Qd2 dxc3 19. Qxc3 Rf4 20. g3 Rf7 21. Kg2 Qc6
22. Re3 Nb6 23. Qb3 c4 24. Qc3 Nd5 25. Qd4 Nxe3+ 26. Qxe3 Bc5 27. Qc3 b6 28. b4
cxb3 29. Rxb3 Bb7 30. g4 Raf8 31. Kf1 Rxf3 32. Qd2 Rxb3 33. axb3 Qb5+ 34. Ke1
Bb4 35. c3 Qxe5+ 36. Kd1 Bf3+ 37. Kc2 Qe4+ 38. Kc1 Ba3+ 39. Qb2 Qe1+ 40. Kc2
Qd1# 0-1